Wood, concrete, stone, and steel Minnesota's historic bridges /

Bibliographic Details
Main Author: Gardner, Denis, 1965-
Corporate Author: ProQuest (Firm)
Other Authors: DeLony, Eric.
Format: Electronic eBook
Language:English
Published: Minneapolis : University of Minnesota Press, c2008.
Subjects:
Online Access:Click to View
LEADER 01478nam a2200397Ia 4500
001 EBC359651
003 MiAaPQ
005 20200520144314.0
006 m o d |
007 cr cn|||||||||
008 080219s2008 mnua sb 001 0 eng d
010 |z  2008007776 
020 |z 081664666X 
020 |z 0816646678 
020 |z 9780816646661 
020 |z 9780816646678 
020 |z 9780816656479 
035 |a (MiAaPQ)EBC359651 
035 |a (Au-PeEL)EBL359651 
035 |a (CaPaEBR)ebr10246354 
035 |a (CaONFJC)MIL522506 
035 |a (OCoLC)476187116 
040 |a MiAaPQ  |c MiAaPQ  |d MiAaPQ 
050 4 |a TG24.M47  |b G37 2008 
100 1 |a Gardner, Denis,  |d 1965- 
245 1 0 |a Wood, concrete, stone, and steel  |h [electronic resource] :  |b Minnesota's historic bridges /  |c Denis P. Gardner ; afterword by Eric DeLony. 
260 |a Minneapolis :  |b University of Minnesota Press,  |c c2008. 
300 |a xiii, 222 p. :  |b ill. 
504 |a Includes bibliographical references (p. 203-213) and index. 
533 |a Electronic reproduction. Ann Arbor, MI : ProQuest, 2015. Available via World Wide Web. Access may be limited to ProQuest affiliated libraries. 
650 0 |a Bridges  |z Minnesota  |x Design and construction  |x History. 
650 0 |a Historic bridges  |z Minnesota. 
655 4 |a Electronic books. 
700 1 |a DeLony, Eric. 
710 2 |a ProQuest (Firm) 
856 4 0 |u https://ebookcentral.proquest.com/lib/matrademy/detail.action?docID=359651  |z Click to View